000 00345nam a2200157Ia 4500
100 _aShephered/George/ Wingo/ Scot
650 _aAutomobiles
942 _cBK
654 _aMFC Internals
245 _aMFC Internals
260 _bAddison Wesley Pub
_aNONE
_c1996
082 _a5.262
_bSHE
300 _a709
546 _aENGLISH
999 _c35725
_d35725